000 01007cam a2200265 a 4500
001 000011397
003 UkOxU
005 20200929162436.0
008 500101s1971 sp a 001 0 spa c
035 _aOCLC ocm06909828 from D950706M
040 _aDO-SdBNP
_bspa
_cLDL
_dBNPHU
082 _a780.92
_bA689F
100 1 _aFernández-Cid, Antonio,
_d1916-1995.
_927017
245 1 0 _aAtaúlfo Argenta /
_cAntonio Fernández-Cid.
260 _aMadrid :
_bDirección General de Bellas Artes ;
_bMinisterio de Educación y Ciencia,
_c1971.
300 _a63 p. :
_bil. ;
_c17 cm.
490 1 _aArtistas Españoles Conteporáneos
_v4
_aMúsicos
586 _aPremio Nacional de Literatura.
600 1 0 _aARGENTA, ATAULFO,
_d1913-1958
_xBIOGRAFÍA
_927018
600 1 0 _aARGENTA, ATAULFO,
_d1913-1958
_xCRÍTICA E INTERPRETACIÓN
_927019
650 4 _aMúsicos españoles
_xBiografías
_927020
830 0 _aArtistas Españoles Conteporáneos ;
_v4
_pMúsicos.
_927021
910 _aCatalogación derivada
049 _aBNGR
999 _c11104
_d11104